Концептуально-ідеографічне наповнення терміносистеми мормонства сучасної англійської мови (корпусно-базований підхід) (Запис № 285709)

МАРК-запис
000 -LEADER
fixed length control field 02762nam a22001577a 4500
041 ## - LANGUAGE CODE
Language code of text/sound track or separate title ukr
080 ## - UNIVERSAL DECIMAL CLASSIFICATION NUMBER
Universal Decimal Classification number 09
090 ## - LOCALLY ASSIGNED LC-TYPE CALL NUMBER (OCLC); LOCAL CALL NUMBER (OCLC)
Local cutter number (OCLC) ; Book number/undivided call number, CALL (RLIN) ЗАХ
100 ## - MAIN ENTRY--PERSONAL NAME
Personal name Захарчук, Л. Ю.
245 ## - TITLE STATEMENT
Title Концептуально-ідеографічне наповнення терміносистеми мормонства сучасної англійської мови (корпусно-базований підхід)
260 ## - PUBLICATION, DISTRIBUTION, ETC. (IMPRINT)
Place of publication, distribution, etc Острог
Name of publisher, distributor, etc КАФ
Date of publication, distribution, etc 2016
300 ## - PHYSICAL DESCRIPTION
Extent 61
520 ## - SUMMARY, ETC.
Summary, etc Вступ.<br/>Розділ І. Теоретичні основи дослідження терміносистеми мормознавства.<br/>1.1. Термінта терміносистема як обєкти термінознавства<br/>1.2. Основні характеристики та структура термоносистеми<br/>1.3. Сучасні методи дослідження та роботи терміносистеми<br/>1.3.1. Корпусна лінгвістика: основні поняття та методи роботи<br/>1.3.2. Робота з термінами у корпусі текстів<br/>Розділ ІІ. Терміносистема мормознавства: семантичні та структурні характеристики.<br/>2.1. Мормознавство як предмет наукових лінгвістичних досліджень<br/>2.2. Методологія дослідження<br/>2.3. Класифікаційна ієрархія знань спеціалізованої галузі<br/>2.3.1 Понятійні групи терміносистеми мормознавства<br/>2.3.2. Морфологічні характеристики термінів<br/>Розділ ІІІ. Терміносистема мормознавства: фунціональні характеристики<br/>3.1 Параметризація корпусу текстів мормознавства<br/>3.1.1. Особливості відбору текстів для корпусу мормонства<br/>3.1.2. Анотування текстів у корпусі мормонства<br/>3.2. Вибірка термінів з допомогою програми AntCone<br/>3.3. Аналіз отриманих результатів та їх оформлення в системі Moodle<br/>3.3.1. Створення корпусу текстів мормонства в системі Moodle<br/>3.3.2. Розміщення терміносистеми мормонства в системі Moodle<br/>Висновки.<br/>Список використаної літератури та джерел.<br/>Додаток А.<br/>Додаток Б.
-- терміносистема, мормознавство
650 ## - SUBJECT ADDED ENTRY--TOPICAL TERM
Topical term or geographic name as entry element Research Papers
942 ## - ADDED ENTRY ELEMENTS (KOHA)
Koha item type Книги
Фонди
Withdrawn status Lost status Source of classification or shelving scheme Damaged status Not for loan Home library Current library Date acquired Source of acquisition Cost, normal purchase price Total Checkouts Full call number Barcode Date last seen Price effective from Koha item type
    Universal Decimal Classification     ВІЛ - Відділ іноземн. літератури НБ ВІЛ - Відділ іноземн. літератури НБ 23/06/2016 Акт №01/16 1.00   09 215722 10/11/2021 23/06/2016 Книги